Metodología para la estimación de esfuerzos de empuje en muros anclados en suelos cohesivos
Gorde:
| Egile nagusia: | |
|---|---|
| Formatua: | Liburua |
| Hizkuntza: | Spanish |
| Argitaratua: |
[San José], Costa Rica
2016
|
| Gaiak: | |
| Etiketak: |
Etiketa erantsi
Etiketarik gabe, Izan zaitez lehena erregistro honi etiketa jartzen!
|
MARC
| LEADER | 00000nam a22000007a 4500 | ||
|---|---|---|---|
| 003 | 012533 | ||
| 005 | 20221231144142.0 | ||
| 008 | 170201b2016 cr a|||| m||| 00| ||spa d | ||
| 040 | |c cru CEDI | ||
| 090 | |a TFG 7684 | ||
| 100 | |9 6708 |a Bogantes González, David | ||
| 245 | |a Metodología para la estimación de esfuerzos de empuje en muros anclados en suelos cohesivos | ||
| 260 | |a [San José], Costa Rica |c 2016 | ||
| 300 | |a x, 99[140] hojas; algunas ilustraciones a color | ||
| 500 | |a Proyecto de graduación (licenciatura en ingeniería civil)--Universidad de Costa Rica. Facultad de Ingeniería. Escuela de Ingeniería Civil | ||
| 650 | |x MUROS DE HORMIGON - DISEÑO Y CONSTRUCCION |x MUROS DE CONTENCION |x DISEÑO Y CONSTRUCCION |x DISEÑO DE ESTRUCTURAS |x ESTRUCTURA DE SUELOS |9 6709 | ||
| 942 | |c TFG | ||
| 999 | |c 17650 |d 17650 | ||
